Sustainable Development and Finance in Europe Environmental, Social and Governance Reporting in Financial Markets
Gespeichert in:
| 1. Verfasser: | |
|---|---|
| Weitere Verfasser: | |
| Format: | Buch |
| Sprache: | Englisch |
| Veröffentlicht: |
Abingdon
Routledge/Taylor & Francis Group
2025
|
| Ausgabe: | 1st Edition |
| Schlagworte: | |
| Tags: |
Keine Tags, Fügen Sie das erste Tag hinzu!
|
MARC
| LEADER | 00000nam a2200000 4500 | ||
|---|---|---|---|
| 001 | 0313140 | ||
| 005 | 20260107113322.5 | ||
| 020 | |a 9781040371268 | ||
| 041 | 0 | |a eng | |
| 044 | |a GB | ||
| 245 | 1 | 0 | |a Sustainable Development and Finance in Europe |b Environmental, Social and Governance Reporting in Financial Markets |c Małgorzata Janicka and Artur Sajnóg |
| 250 | |a 1st Edition | ||
| 264 | 1 | |a Abingdon |b Routledge/Taylor & Francis Group |c 2025 | |
| 300 | |a 227 s. | ||
| 500 | |a ProQuest e-books. | ||
| 610 | 2 | 0 | |a financie udržateľné |
| 610 | 2 | 0 | |a udržateľnosť |
| 610 | 2 | 0 | |a rozvoj trvalo udržateľný |
| 610 | 2 | 0 | |a ESG |
| 610 | 2 | 0 | |a trh finančný |
| 610 | 2 | 0 | |a trh akciový |
| 610 | 2 | 0 | |a trh kapitálový |
| 610 | 2 | 0 | |a Európska únia |
| 100 | 1 | |a Janicka, Małgorzata | |
| 700 | 1 | |a Sajnóg, Artur | |